KOHA-Header-6

Breaking the Breakers Public Policy & Governance Case Studies from Pakistan (Record no. 13241)

000 -LEADER
fixed length control field 00353nam a22001217a 4500
020 ## - INTERNATIONAL STANDARD BOOK NUMBER
ISBN 9789694488035
082 ## - DEWEY DECIMAL CLASSIFICATION NUMBER
Classification number 954.91
100 ## - MAIN ENTRY--AUTHOR NAME
Personal name Syed Abu Ahmad Akif & M.Khalid Nadeem Khan
245 ## - TITLE STATEMENT
Title Breaking the Breakers Public Policy & Governance Case Studies from Pakistan
260 ## - PUBLICATION, DISTRIBUTION, ETC. (IMPRINT)
Place of publication Lahore Pakistan
Name of publisher IPS Press
Year of publication 2021
300 ## - PHYSICAL DESCRIPTION
Number of Pages 251 pages
942 ## - ADDED ENTRY ELEMENTS (KOHA)
Koha item type Books
Holdings
Withdrawn status Lost status Collection code Permanent Location Current Location Shelving location Date acquired Full call number Accession Number Koha item type
      MAJU MAJU   2022-03-01 954.91 10251 Pakistan Studies

Powered by Koha